Central Library OPAC University of Rajshahi
Normal view MARC view

Entry Topical Term

Number of records used in: 5

001 - CONTROL NUMBER

  • control field: 3725

003 - CONTROL NUMBER IDENTIFIER

  • control field: BD-RjUL

005 - DATE AND TIME OF LATEST TRANSACTION

  • control field: 20220619154923.0

008 - FIXED-LENGTH DATA ELEMENTS

  • fixed length control field: 220619|| aca||aabn | a|a d

040 ## - CATALOGING SOURCE

  • Original cataloging agency: BD-RjUL
  • Transcribing agency: BD-RjUL

150 ## - HEADING--TOPICAL TERM

  • Topical term or geographic name entry element: Pottery
  • General subdivision: Technique

670 ## - SOURCE DATA FOUND

  • Source citation: Work cat.: (BD-RjUL)79992: Atkin, Jacqui 3724, Handbuilt pottery techniques revealed :, 2013.